| 000 | 00504nam a22001577a 4500 | ||
|---|---|---|---|
| 003 | SGT | ||
| 082 | _a004,ARO | ||
| 100 | _aARORA, SUMITA | ||
| 245 | _aFUNDAMENTALS OF COMPUTER AND INFORMATION SYSTEM | ||
| 250 | _a5TH | ||
| 260 |
_aNEW DELHI _bKIRTI PRAKASHAN _c2013 |
||
| 300 | _a520 | ||
| 650 | _aCOMPUTER SCIENCE | ||
| 653 | _aBASIC CONCEPT OF COMPUTER,ESSENTIAL COMPONENTS OF COMPUTERS,INFORMATION SYSTEM,DATABASE SYSTEM,LAN,WAN,WIRELESS NETWORKS,INTRODUCTION TO INTERNET | ||
| 942 |
_2ddc _cFCM _01 |
||
| 999 |
_c8836 _d8836 |
||